| 000 | 00467nam a2200193Ia 4500 | ||
|---|---|---|---|
| 005 | 20240823054410.0 | ||
| 008 | 240823s9999||||xx |||||||||||||| ||und|| | ||
| 020 | _a978-93-81505-84-7 | ||
| 041 | _aENGLISH | ||
| 082 | _A620.01074 P4 | ||
| 100 | _a"Paz,Mario" | ||
| 245 | 0 | _aStructural Dynamics | |
| 250 | _a2nd | ||
| 260 |
_c2004 _bCBS Publishers & Distributors Pv |
||
| 500 | _aYES | ||
| 650 |
_aStructural Dynamics _bCivil |
||
| 942 | _cBK | ||
| 999 |
_c226367 _d226367 |
||